000 00877nam a2200289 a 4500
001 14759
003 BD-RjUL
005 20211208235703.0
008 140208s1983 ilua b 00110 eng
020 _a0256027854
035 _a(BD-RjUL)14813
039 0 _a2
_b3
_c3
_d3
_e3
040 _aBD-RjUL
_beng
_cBD-RjUL
_dBD-RjUL
041 _aeng
082 _a658.1511
_bANA 1983
090 _aHF5635
_b.A67 1983
100 1 0 _aAnthony, Robert N.
_q(Robert Newton),
_d1916-2006.
_945844
245 1 0 _aAccounting principles /
_cRobert N. Anthony,
250 _a5th ed.
260 _aHomewood, Ill. :
_bR.D. Irwin,
_cc1983.
300 _axvii, 646 p. :
_bill. ;
_c25 cm.
490 0 _aThe Willard J. Graham series in accounting.
504 _aIncludes bibliographies and index.
650 0 _aManagerial Accounting.
_945977
700 1 0 _aReece, James S.
_945956
942 _2ddc
_cBK
999 _c14759
_d14759